Quizzes
Events
Quiz Creation
Community
Videos
Private Events
Remove Ads
Sign In
Join for FREE
Feedback
Dark Mode
Quiz Categories
Sports
Geography
Music
Movies
Television
Just For Fun
Miscellaneous
History
Literature
Language
Science
Gaming
Entertainment
Religion
Holiday
For Kids
Quiz Lab
Recent
Popular Today
Quiz Kudos Today
Editor Picks
Curator Picks
Quizzes by...
Day
Popularity
Type
Ratings
Length
Year
Community
Subscriptions
Recent Discussions
Orange Saloon
Badges
Playlists
Quests
Create
Leaderboards
Showdown
Live 5
Trivia Bingo
Activity
Puzzle Library
Sporcle Events
Private Events
Virtual Trivia
Globe League
Become a Host
Pub Owners
SporcleCon
Opinionation
Our Games
Videos
Blog
Mobile Apps
Partnerships
Remove Ads and Go Orange
Feedback
Geography
Country
Landmarks
City
State
Population
World
Capital
Continent
Flags
Europe
Africa
Asia
South America
North America
Oceania
Border
Canada
United Kingdom
Topography
United States
Geography
Country
Landmarks
City
State
Population
World
Capital
Continent
Flags
Europe
Africa
Asia
South America
North America
Oceania
Border
Canada
United Kingdom
Topography
United States
Random Quiz
Search Sporcle
×
Quiz Lab
Quiz Lab
Geography
scottish
Type in answers that appear in a list
Type in answers that appear in a list
Classic
Best Score? Go Orange.
Busiest stations per county (Scotland) Stats
Can you name the busiest stations in each Scottish county (by passenger numbers)?
By
opi96
20m
83 Questions
338 Plays
338 Plays
338 Plays
Comments
Comments
Give Quiz Kudos
Give Quiz Kudos
-
- Ratings
hide this ad
Replay
Link that replays current quiz
Next Quiz
Link to next quiz in quiz playlist
You Got
0%
They Got
Avg Score
53%
Avg Friend Score
Upgrade to see
Score Distribution
Jump to the score distribution portion of the page
Score
0/83
Timer
20:00
0
Plays Today
County
Station
% Correct
Aberdeen
Aberdeen
97.3%
Dundee
Dundee
94.1%
Glasgow
Glasgow Central
93.2%
Edinburgh
Edinburgh Waverley
92.6%
Highland
Inverness
90.8%
South Ayrshire
Ayr
89.6%
Glasgow
Glasgow Queen Street
89.3%
Stirling
Stirling
87.5%
Perth & Kinross
Perth
86.1%
Edinburgh
Edinburgh Haymarket
85.8%
Dumfries & Galloway
Dumfries
85.2%
Angus
Montrose
76.6%
North Lanarkshire
Motherwell
75.7%
Fife
Kirkcaldy
75.4%
East Ayrshire
Kilmarnock
74.8%
Aberdeenshire
Stonehaven
73.9%
Angus
Arbroath
72.4%
Falkirk
Falkirk High
71.2%
Clackmannanshire
Alloa
70.9%
Argyll & Bute
Oban
70.6%
East Lothian
Dunbar
68.5%
Highland
Fort William
67.7%
Aberdeen
Dyce
65%
East Lothian
North Berwick
64.4%
Fife
Inverkeithing
61.1%
Moray
Elgin
60.2%
Edinburgh
Edinburgh Park
59.9%
South Lanarkshire
East Kilbride
59.6%
County
Station
% Correct
Stirling
Dunblane
59.3%
Renfrewshire
Paisley Gilmour Street
58.2%
Argyll & Bute
Helensburgh Central
56.7%
Highland
Aviemore
56.7%
Glasgow
Partick
56.1%
Inverclyde
Gourock
55.5%
Scottish Borders
Galashiels
54.8%
East Lothian
Musselburgh
54.6%
Dumfries & Galloway
Lockerbie
54.3%
South Ayrshire
Troon
54%
West Dunbartonshire
Dumbarton Central
54%
North Ayrshire
Largs
53.4%
West Lothian
Livingston North
52.5%
North Ayrshire
Irvine
51.9%
Dumfries & Galloway
Annan
51.6%
North Lanarkshire
Airdrie
51.3%
Scottish Borders
Tweedbank
50.7%
North Lanarkshire
Croy
49.9%
West Lothian
Bathgate
49.9%
Dundee
Broughty Ferry
49%
West Lothian
Linlithgow
49%
Aberdeenshire
Inverurie
48.4%
Inverclyde
Port Glasgow
47.2%
Perth & Kinross
Pitlochry
46.6%
East Dunbartonshire
Milngavie
46%
Falkirk
Polmont
46%
Inverclyde
Greenock West
44.5%
Falkirk
Larbert
43.6%
County
Station
% Correct
Moray
Keith
42.1%
East Dunbartonshire
Lenzie
41.5%
Perth & Kinross
Gleneagles
41.2%
West Dunbartonshire
Dalmuir
41.2%
North Ayrshire
Kilwinning
40.9%
South Ayrshire
Prestwick Town
40.9%
Stirling
Bridge of Allan
40.7%
Moray
Forres
40.4%
Angus
Carnoustie
40.1%
Fife
Dunfermline Town
40.1%
South Lanarkshire
Rutherglen
40.1%
East Renfrewshire
Barrhead
39.5%
Renfrewshire
Johnstone
39.5%
South Lanarkshire
Uddingston
34.7%
Scottish Borders
Stow
32.7%
West Dunbartonshire
Singer
30%
East Ayrshire
Stewarton
29.4%
East Ayrshire
Kilmaurs
27%
Aberdeenshire
Laurencekirk
26.7%
Renfrewshire
Bishopton
26.4%
Midlothian
Eskbank
24.6%
East Renfrewshire
Clarkston
24.3%
Midlothian
Newtongrange
23.2%
East Dunbartonshire
Westerton
23.1%
Midlothian
Gorebridge
22.8%
East Renfrewshire
Patterton
21.4%
Argyll & Bute
Cardross
20.5%
Quiz Playlist
Details
Report
Send in Message
Add To Playlist
Classic:
Type in answers that appear in a list
Last Updated: Nov 25, 2017
Quiz Scoreboard
CHALLENGE
Sign Up to Join the Scoreboard
Show All
Scores
Hide
Comments
May contain spoilers
Recently Published
Billboard Blitz: Fleetwood Mac
by CooCooCachoo
Music
15s
Presidents Visiting Landmarks
by Hejman
History
7m
An Introduction to Baseball
by treessimontrees
Sports
5m
More to Explore
Quiz From the Vault
Featured Blog Post
Where Did the Easter Bunny Come From?
hide this ad
You Might Also Like...
Tags
County
Passenger
Scotland
scottish
station
usage
Today's Top Quizzes in Geography
Browse Geography
hide this ad
Today's Top Quizzes in scottish
Browse scottish
Top Contributed Quizzes in Geography
1
Countries of the World - No Outlines Minefield
2
Top 25 Cities of France on a map
3
Any capital of a 'B' country per Continent
4
Closest Countries to UK A-Z
5
Any capital of a 'C' country per Continent
6
One Thing in Common: United Kingdom
7
Any capital of a 'D' country per Continent
8
5-to-1: US Geography No Hints
9
Any capital of an 'E' country per Continent
10
Find the Provinces of Canada - No Outlines Minefield
Explore More
Trending Topics
Disney
Kpop
NBA
Crossword
Anime
Harry Potter
Marvel
Song
The Office
WWE
Pokémon
Soccer
NFL
Country
Puzzle
hide this ad
More By:
opi96
Quiz
Plays
Rating
Category
Featured
Created
South Western Railway stations
1,676
4.00
Geography
Jun 1, 2013
Great Western Railway stations
1,626
4.00
Geography
May 17, 2013
Most Common London Underground Words
1,429
4.88
Geography
Aug 30, 2013
Stations in Kent - MAP
1,424
4.33
Geography
Mar 6, 2016
Southern stations
1,361
4.50
Geography
Nov 30, 2013
Go to Creator's Profile
Score Distribution
Quiz Creator Spotlight
opi96
Follow
Send a Message
Quizzes Created
-
Created Quiz Play Count
-
More By This Creator
Popular Quizzes Today
1
Find the US States - No Outlines Minefield
2
Find the Countries of Europe - No Outlines Minefield
3
The Countries of the World
4
Find the US States
5
Popular People in 1961
6
US States
7
Risky Map Clicking: Biggest States A-Z
8
Movies - When Are They Set?
More Geography Quizzes
Amazigh (Berber) Countries Quiz
Editor's Pick
Trending Quizzes
Risky Map Clicking: Least Populous States A-Z
1-10 Letter G Words
1-10 Letter F Words
Risky Map Clicking: Next State Alphabetically
Risky Map Clicking: Biggest States A-Z
Recently Updated
Leaping Animals
pecheneg
Reality TV Shows (A-Z)
bhenderson79
Rickey Henderson's Hall of Fame Teammates
pecheneg
Champions League XIs: Arsenal
pecheneg
Quick Pick: Celebrities in WWE's Hall of Fame
aduchscher
A-Z Keypad Blitz II
pecheneg
Multiple Oscar Actors
pecheneg
Mystery Phrase Blitz: Oscar 'Best Actors'
pecheneg
F. Scott Fitzgerald Novels
LTH
Pick 3 Villains
ddd62291
Trending Topics
Harry Potter
Crossword
Kpop
Marvel
Anime
NBA
Disney
Country
The Office
WWE
Puzzle
Soccer
Pokémon
Song
NFL
Your Account Isn't Verified!
In order to create a playlist on Sporcle, you need to verify the email address you used during registration. Go to your
Sporcle Settings
to finish the process.
Report this User
Report this user for behavior that violates our
Community Guidelines
.
Details:
Send Report
Go to the Sporcle.com Mobile Site →
Comments